<?xml version="1.0" encoding="UTF-8"?>
<marc:record xmlns:marc="http://www.loc.gov/MARC21/slim">
   <marc:leader>00000nam a2200000 a 4500</marc:leader>
   <marc:datafield ind1="1" ind2=" " tag="100">
      <marc:subfield code="a">Evert, Lori</marc:subfield>
      <marc:subfield code="4">aut</marc:subfield>
      <marc:subfield code="e">Verfasser/-in</marc:subfield>
   </marc:datafield>
   <marc:datafield ind1="0" ind2="0" tag="245">
      <marc:subfield code="a">Die wunderbare Weihnachtsreise</marc:subfield>
   </marc:datafield>
   <marc:datafield ind1="0" ind2="0" tag="245">
      <marc:subfield code="c">Evert, Lori</marc:subfield>
   </marc:datafield>
   <marc:datafield ind1=" " ind2="1" tag="264">
      <marc:subfield code="a">Frankfurt, M.</marc:subfield>
      <marc:subfield code="b">Fischer Sauerländer</marc:subfield>
   </marc:datafield>
   <marc:datafield ind1="1" ind2=" " tag="520">
      <marc:subfield code="a">Anja wünscht sich nichts sehnlicher, als einmal dem Weihnachtsmann bei seinen Vorbereitungen zu helfen. Und so begibt sie sich auf eine wunderbare Reise durch magische Winterlandschaften. Unterwegs trifft sie ein starkes Pferd, ein Rentier und sogar einen riesigen Eisbär! Sie alle helfen ihr, den Weg zum Weihnachtsmann zu finden, und endlich geht ihr größter Wunsch in Erfüllung! Atemberaubende Fotos machen die Geschichte eines Mädchens, das unbeirrt seinem großen Traum folgt, zu einem wunderschönen Augenschmaus. (Verlagstext)</marc:subfield>
   </marc:datafield>
   <marc:datafield ind1=" " ind2=" " tag="020">
      <marc:subfield code="a">9783737351171</marc:subfield>
      <marc:subfield code="9">9783737351171</marc:subfield>
   </marc:datafield>
   <marc:datafield ind1=" " ind2=" " tag="020">
      <marc:subfield code="a">3737351171</marc:subfield>
      <marc:subfield code="9">3737351171</marc:subfield>
   </marc:datafield>
   <marc:datafield ind1=" " ind2=" " tag="041">
      <marc:subfield code="a">ger</marc:subfield>
   </marc:datafield>
   <marc:datafield ind1=" " ind2=" " tag="338">
      <marc:subfield code="a">Band</marc:subfield>
   </marc:datafield>
   <marc:datafield ind1=" " ind2=" " tag="300">
      <marc:subfield code="a">[48] S. : überw. Ill</marc:subfield>
   </marc:datafield>
</marc:record>
